Spoločenskoprávna ochrana pred korupciou

Bibliographic Details
Main Authors: Baláž, Pavel (Author), Jalč, Adrián, 1977- (Author)
Format: Book
Language:Slovak
PhysicalDescription:199 s. tab. 24 cm
Published: Bratislava Trnava Veda ; Typi Universitatis Tyrnaviensis 2006
ISBN:808082052X
8022408999
Edition:1. vyd.
Series:Vysokoškolské učebné texty Nr. 5
Subjects:

MARC

LEADER 00000cam a2200000 a 4500
001 vtls008829106
003 SK-MaSNL
005 20260301021924.0
008 251124s2006 xo f p 000 0 slo
015 |a SNBA2006/10-05086 
020 |a 808082052X  |q (brož.- TU) 
020 |a 8022408999  |q (brož.- Veda) 
035 |a 6AC57B8C-742A-47A1-8722-F595ADAEA017 
035 |a urn:nbn:sk:snk-aml5qw 
035 |a urn:nbn:sk:snk-am008vcv 
040 |a SNK  |b slo  |c SNK  |e AACR2 
041 0 |a slo 
044 |a xo  |c SK 
072 7 |a 343  |x Trestné právo  |2 konspekt 
080 |a 34  |2 2001 
080 |a 343.851:343.35  |2 2001 
080 |a (075.8)  |2 2001 
100 1 |a Baláž, Pavel  |4 aut  |9 306291 
245 1 0 |a Spoločenskoprávna ochrana pred korupciou  |c Pavel Baláž, Adrián Jalč 
246 3 4 |a Spoločensko-právna ochrana pred korupciou 
250 |a 1. vyd. 
260 |a Bratislava  |b Veda ;  |a Trnava  |b Typi Universitatis Tyrnaviensis  |c 2006 
300 |a 199 s.  |b tab.  |c 24 cm 
490 1 |a Vysokoškolské učebné texty  |v Nr. 5 
504 |a Bibliogr. s. 193-195. Pozn. 
650 0 7 |a korupcia  |x právne aspekty  |2 SNKPH  |9 311677 
650 0 7 |a boj proti korupcii  |2 SNKPH  |9 1700 
650 0 7 |a trestnoprávna ochrana  |2 SNKBUCL  |9 311678 
650 0 7 |a protispoločenské správanie  |2 SNKPH  |9 49936 
655 7 |a učebnice vysokých škôl  |2 SNKPH  |9 70191 
700 1 |a Jalč, Adrián,  |d 1977-  |4 aut  |9 203066 
810 2 |a Trnavská univerzita v Trnave.  |b Právnická fakulta  |t Vysokoškolské učebné texty  |9 306293 
919 |a 80-224-0899-9 
999 |c 566405  |d 568335 
952 |a SNK  |b SNK  |y PREZ  |7 0  |p 17A0517002  |o snkSC 124314  |i snk2006/14493  |8 0  |0 0  |1 0  |4 0  |d 2006-07-21  |f 1  |l 0  |r 2025-06-06 00:00:00  |w 2026-02-23 
952 |a SNK  |b SNK  |y VYP  |7 0  |p 17A0517001  |o snkSC 124314 D1  |i snk2006/14494  |8 0  |0 0  |1 0  |4 0  |d 2006-07-21  |l 1  |r 2026-03-04 11:24:58  |s 2026-02-28  |w 2026-02-23